Športový klub Maják, Bratislava – Petržalka Juh
Saved in:
| Main Author: | |
|---|---|
| Other Authors: | |
| Format: | Manuscript Book |
| Language: | Slovak |
| Published: |
Bratislava
2020
|
| Subjects: | |
| Online Access: | http://is.stuba.sk/zp/portal_zp.pl?podrobnosti=138954 |
| Tags: |
No Tags, Be the first to tag this record!
|
MARC
| LEADER | 00000ntm a22000003a 4500 | ||
|---|---|---|---|
| 001 | stuzp79553 | ||
| 003 | SK-STU | ||
| 005 | 20200811094445.6 | ||
| 007 | ta | ||
| 008 | 150427s2015----xo-----f-mn---000-0-slo-d | ||
| 040 | |a STU |b slo | ||
| 041 | 0 | |a slo | |
| 100 | 1 | |a Soukupová, Ema |u 058180 |4 aut |U FAD Fakulta architektúry |T FA Ústav architektúry občianskych budov |X 88027 |U A8180 |Y 399 |7 88027 | |
| 242 | 0 | 1 | |a The Maják Sports Club, Bratislava - Petržalka South |y eng |
| 245 | 1 | 0 | |a Športový klub Maják, Bratislava – Petržalka Juh |
| 260 | |c 2020 |a Bratislava | ||
| 650 | 4 | |a voda |2 slo | |
| 650 | 4 | |a breh |2 slo | |
| 650 | 4 | |a solitér |2 slo | |
| 650 | 4 | |a bank |2 eng | |
| 650 | 4 | |a solitair |2 eng | |
| 650 | 4 | |a water |2 eng | |
| 700 | 1 | |a Šimkovič, Vladimír |u 058180 |k Z1 |4 ths |U FAD Fakulta architektúry |T FA Ústav architektúry občianskych budov |X 394 |U A8180 |Y 399 |7 A000000394 | |
| 856 | 4 | |u http://is.stuba.sk/zp/portal_zp.pl?podrobnosti=138954 |u https://opac.crzp.sk/?fn=detailBiblioForm&sid=2C8AB4190B6536A9D0831D7B1CEB | |